00347nam a2200121Ia 45000010005000000080041000050820028000461000051000742450033001252600024001589010028001829990015002103723241024s9999 xx 000 0 und d aRD/378.7293/UN581p/2014 aUniversidad autónoma de Santo Domingo (UASD) 0aPlan estratégico 2012-2022 bSanto Domingoc2014 a26/2/2014 10:12:51 a.m. c8353d8353